Gaming Quiz

Random Gaming or Nintendo Quiz
Score 0/25 Timer 06:00
0 Plays Today
Game Instrument % Correct
Link's AwakeningOcarina
95.9%
Ocarina of TimeFairy Ocarina
93%
Adventure of LinkFlute
82.6%
Wand of GamelonFlute
79.7%
A Link to the PastFlute
79.7%
Oracle of Ages/SeasonsStrange Flute
76.3%
Ocarina of TimeOcarina of Time
66.6%
Majora's MaskOcarina of Time
66.6%
Majora's MaskBonefish Guitar
66.2%
Link's AwakeningThunder Drum
61.2%
Wind WakerWind Waker
58.8%
Link's AwakeningSurf Harp
58.7%
Majora's MaskGoron Drums
54.3%
Game Instrument % Correct
Legend of ZeldaWhistle
43.7%
Majora's MaskDeku Pipes
43.6%
Link's AwakeningConch Horn
35.1%
Twilight PrincessHorse Call
23.9%
Oracle of AgesHarp of Ages
23.6%
Link's AwakeningFull Moon Cello
23.1%
Link's AwakeningCoral Triangle
16.2%
Link's AwakeningSea Lily's Bell
15.7%
Link's AwakeningWind Marimba
12.4%
Link's AwakeningOrgan of Evening Calm
6.6%
Oracel of AgesSea Ukelele
4.2%
Oracle of SeasonsPhonograph
2.9%
Remove Ads.
Support Sporcle.
Get the best of Sporcle when you Go Orange. This ad-free experience offers more features, more stats, and more fun while also helping to support Sporcle. Thank you for becoming a member.

You're not logged in!

Compare scores with friends on all Sporcle quizzes.
OR
Log In

Show Comments

Extras

Top Quizzes Today


Score Distribution

Your Account Isn't Verified!

In order to create a playlist on Sporcle, you need to verify the email address you used during registration. Go to your Sporcle Settings to finish the process.

Report this User

Report this user for behavior that violates our Community Guidelines.

Details: